| 000 | 00402cam a2200169ua 4500 | ||
|---|---|---|---|
| 041 |
_aeng _h |
||
| 082 |
_a823.308 _bBUC/GO |
||
| 100 | _aBuck, Pearl S.. | ||
| 245 |
_aGood Earth / _cPearl S. Buck. _hTextual Documents |
||
| 260 |
_aLondon : _bMethuen and Co. Ltd , _c1962. |
||
| 300 | _a340 ; . | ||
| 504 | _a | ||
| 942 | _cBK | ||
| 999 |
_c3136 _d3136 |
||